00479nam a22001697a 450000500170000001000260001702000260004303500140006903500140008303700090009708200100010610000170011624500790013326000400021227000370025230000200028920260413143330.0 aENG-118906 ENG-148219 a9788171501335c300.00 aEN-102438 aEN-131751 bDBAD a230.1 aMishra, P.D. aWorld: the abode of god :bthoughts on ishavashyopnishad /cby P.D. Mishra aDelhibIndraprastha Prakashanc2013 aK-71, Krishna Nagar Delhi-110051 a136pc23cm.(Hb)